Migračná politika v kontexte rozhodnutia Súdneho dvora EÚ

Analýza zodpovednosi členského štátu za plnenie záväzkov vyplývajcich z členstva v Euróspkej únii a inštitút solidarity, subsidiarity a proporcionality, ktoré mali vplyv na predmetné rozhodnutie.

Guardado en:
Detalles Bibliográficos
Autor principal: Hoffmann, Peter
Formato: Capítulo de libro
Lenguaje:eslovaco
Materias:
Etiquetas: Agregar Etiqueta
Sin Etiquetas, Sea el primero en etiquetar este registro!

MARC

LEADER 00000nla a2200000 4500
001 0246469
005 20240417075142.0
041 0 |a slo 
044 |a SK 
245 1 0 |a Migračná politika v kontexte rozhodnutia Súdneho dvora EÚ  |c Peter Hoffmann 
520 |a Analýza zodpovednosi členského štátu za plnenie záväzkov vyplývajcich z členstva v Euróspkej únii a inštitút solidarity, subsidiarity a proporcionality, ktoré mali vplyv na predmetné rozhodnutie. 
610 2 0 |a právo európske 
610 2 0 |a právo medzinárodné 
610 2 0 |a politika migračná 
610 2 0 |a solidarita 
610 2 0 |a zodpovednosť právna 
100 1 |a Hoffmann, Peter